000 00538pab a2200193 454500
008 180718b2007 xxu||||| |||| 00| 0 eng d
100 _aRath, Badri Narayan
245 _aGrowth of labour productivity, wages and labour cost in the case of Indian registered manufacturing: an inter-state analysis
260 _c2007
300 _ap.51-63.
362 _aJan-Jun
650 _aLabour productivity
650 _aWages
650 _aLabour
650 _aManufacturing industry
773 _aAnvesak
908 _aN
909 _a75305
999 _c75305
_d75305